The law of attraction and practical mental influence / (Record no. 169208)

MARC details
000 -LEADER
fixed length control field 00604nam a2200181 4500
005 - DATE AND TIME OF LATEST TRANSACTION
control field 20191108113504.0
010 ## - LCCN (DPL NO)
LC control number ENG-126865
020 ## - INTERNATIONAL STANDARD BOOK NUMBER
International Standard Book Number 9789352668410
Terms of availability 300.00
035 ## - SYSTEM CONTROL NUMBER
System control number EN-110397
037 ## - SOURCE OF ACQUISITION
Source of stock number/acquisition DBAD/PUB
082 ## - DEWEY DECIMAL CLASSIFICATION NUMBER
Classification number 158.1
100 ## - MAIN ENTRY--PERSONAL NAME
Personal name Atkinson, William Walker
245 ## - TITLE STATEMENT
Title The law of attraction and practical mental influence /
Statement of responsibility, etc by William Walker Atkinson
260 ## - PUBLICATION, DISTRIBUTION, ETC. (IMPRINT)
Place of publication, distribution, etc Delhi
Name of publisher, distributor, etc Prabhat Prakashan
Date of publication, distribution, etc 2018
270 ## - ADDRESS
Address 4/19, Asaf Ali Road, New Delhi
City New Delhi
Postal code 110002
Telephone number 011-23289777
Electronic mail address prabhatbooks@gmail.com
300 ## - PHYSICAL DESCRIPTION
Extent 151p.
Dimensions 22cm(Hb)
942 ## - ADDED ENTRY ELEMENTS (KOHA)
Source of classification or shelving scheme Dewey Decimal Classification
Item type English Books
Classification part 158.1
Call number suffix ATK
Holdings
Withdrawn status Lost status Not for loan Collection code Home library Current library Date acquired Source of acquisition Cost, normal purchase price Full call number Barcode Copy number Cost, replacement price Koha item type
      Non-fiction Central Library Central Library 08/11/2019 DBAD/PUB 300.00 158.1 ATK EN-110397 1 300.00 English Books

© Delhi Public Library
Hit Counter
free hit counter